| 000 | 014100000a22003370004500 | ||
|---|---|---|---|
| 003 | EG-GICUC | ||
| 005 | 20250223025033.0 | ||
| 008 | 071103s2007 ua f m 000 0 eng d | ||
| 040 |
_aEG-GICUC _beng _cEG-GICUC |
||
| 041 | 0 | _aEng | |
| 049 | _aDeposite | ||
| 097 | _aM.Sc | ||
| 099 | _aCai01.11.14.M.Sc.2007.Mo.C | ||
| 100 | 0 | _aMohamed Ibrahiem Eletriby | |
| 245 | 1 | 2 |
_aA comparative study of medical versus laparoscopic management of gastroesophageal reflux disease / _cMohamed Ibrahiem Eletriby ; Supervised Antoine Halepian , Hesham Mahmoud Amer |
| 246 | 1 | 5 | _aدراسة مقارنة بين العلاج الدوائى والعلاج الجراحى بالمنظار لحالات ارتجاع المرئ |
| 260 |
_aCairo : _bMohamed Ibrahiem Eletriby , _c2007 |
||
| 300 |
_a178P. ; _c25cm |
||
| 502 | _aThesis (M.Sc.) - Cairo University - Faculty Of Medicine - Department Of General Surgery | ||
| 520 | _aConcerning the healing of esophagitis , surgery proved to be superior to medical treatment in healing of esophagitis | ||
| 530 | _aIssued also as CD | ||
| 653 | 4 | _agastroesophageal reflux disease | |
| 653 | 4 | _amedical versus | |
| 653 | 4 | _aversus laparoscopic | |
| 700 | 0 |
_aAntoine Halepian , _eSupervisor |
|
| 700 | 0 |
_aHesham Mahmoud Amer , _eSupervisor |
|
| 856 | _uhttp://172.23.153.220/th.pdf | ||
| 905 |
_aAmira _eCataloger |
||
| 905 |
_aEsam _eRevisor |
||
| 942 |
_2ddc _cTH |
||
| 999 |
_c4307 _d4307 |
||